| 000 | 00000nam##2200000za#4500 |
| 001 | 9.639370 |
| 003 | CaOODSP |
| 005 | 20240209132625 |
| 007 | cr ||||||||||| |
| 008 | 150407|2000||||xxc|||||o f|0| 0 fre|d |
| 040 | |aCaOODSP|bfre |
| 043 | |an-cn--- |
| 086 | 1 |aC89-4/71-2000F-PDF |
| 110 | 2 |aAgence de promotion économique du Canada atlantique. |
| 245 | 10|aRapport final - Programme pilote de stages de conseillers auprès de la petite entreprise offerts en milieu universitaire / |h[ressource électronique]|crapport du Acadia Centre for Small Business and Entrepreneurship présenté à l'Agence de promotion économique du Canada atlantique. |
| 260 | |bAgence de promotion économique du Canada atlantique |cJanvier 2000. |
| 300 | |a15p. |
| 590 | |a11-29-Supp|b2011-11-25 |
| 691 | 07|aPetite entreprise|2gcpds |
| 691 | 07|aDéveloppement professionnel|2gcpds |
| 710 | 2 |aAcadia Centre for Small Business and Entrepreneurship. |
| 775 | 08|tFinal report - University-Based Business Counselling Internship Pilot Program / |w(CaOODSP)9.695224 |
| 776 | 0#|tProgramme pilote de stages de conseillers auprès de la petite entreprise offerts en milieu universitaire / |w(CaOODSP)9.681231 |
| 856 | 40|ahttp://publications.gc.ca|qPDF|s46 Ko|uhttps://publications.gc.ca/collections/Collection/C89-4-71-2000F.pdf |